000 00772nab a2200241 u 4500
001 14987
003 HDC
007 cr bn ---aaaaa
008 210216c20150121my dr|nes 0 a may d
040 _aHDC
245 0 _aBrahim's yakin sambung kontrak
260 _aKuala Lumpur :
_bThe New Straits Times Press (M) Bhd.,
_c2015
336 _atext
_2rdacontent
337 _acomputer
_2rdamedia
338 _aonline resource
_2rdacarrier
650 _aentrepreneurs
_951
650 _afood industry
_9536
710 _aHarian Metro
856 _zRequest full-text at [email protected]
942 _2lcc
942 _cNEWS
942 _kNWSC 005681
999 _c12303
_d12303